000 00755nam a2200289Ia 4500
005 20260324112517.0
008 008 260324s9999 xx 000 0 eng d
020 _a9781003359418
037 _aEBOOK
040 _aCRL
040 _beng
040 _cCRL
041 _2eng
041 _aeng
084 _qCRL
100 _aWellington Pinheiro dos Santos; Juliana Carneiro Gomes; Maíra Araújo de Santana; Clarisse Lins de Lima
_91142994
245 0 _aBiomedical Imaging
245 0 _bPrinciples and Advancements
260 _bTaylor and Francis
260 _c2024
365 _a
365 _b260
856 _uhttp://www.taylorfrancis.com/books/9781003359418
942 _cEBOOK
999 _c1732231
_d1732231